Statistics for German Cities in Polish

Click here to take the quiz!

General Stats

  • This quiz has been taken 23 times
  • The average score is 12 of 18

Answer Stats

HintAnswer% Correct
MonachiumMunich
100%
KoloniaCologne
96%
BremaBremen
91%
DreznoDresden
87%
LipskLeipzig
87%
NorymbergaNuremberg
87%
KoblencjaKoblenz
83%
PasawaPassau
78%
WormacjaWorms
70%
KiloniaKiel
65%
ChociebużCottbus
61%
AkwizgranAachen
52%
RatyzbonaRegensburg
52%
TrewirTrier
52%
GetyngaGöttingen
48%
MoguncjaMainz
43%
ŻytawaZittau
26%
BudziszynBautzen
17%

Score Distribution

Percentile by Number Answered

Percent of People with Each Score

Your Score History

You have not taken this quiz